Allgemeines Künstler-Lexikon (Record no. 5704)

MARC details
000 -CABECERA
campo de control de longitud fija 01003nam a2200241 a 4500
001 - NÚMERO DE CONTROL
campo de control BRCA_6015
005 - FECHA Y HORA DE LA ÚLTIMA TRANSACCIÓN
campo de control 20190320205312.0
008 - DATOS DE LONGITUD FIJA--INFORMACIÓN GENERAL
campo de control de longitud fija 010411s1922----gw-#######---#000-0#ger-#
041 ## - CÓDIGO DE LENGUA
Código de lengua del texto/banda sonora o título independiente ger
044 ## - CÓDIGO DEL PAÍS DE LA ENTIDAD EDITORA/PRODUCTORA
Código MARC del país gw
050 #4 - SIGNATURA TOPOGRÁFICA DE LA BIBLIOTECA DEL CONGRESO
Número de clasificación N40
Número de documento/Ítem .M85 1922
100 1# - ENTRADA PRINCIPAL--NOMBRE DE PERSONA
Nombre de persona Müller, Hermann Alexander
Fechas asociadas al nombre 1814-1894
9 (RLIN) 15188
245 10 - MENCIÓN DE TÍTULO
Título Allgemeines Künstler-Lexikon
Resto del título Leben und Werke der berühmtesten bildenden Künstler
Mención de responsabilidad, etc. vorbereitet von Hermann Alexander Müller ; herausgegeben von Hans Wolfgang Singer.
260 ## - PUBLICACIÓN, DISTRIBUCIÓN, ETC.
Lugar de publicación, distribución, etc. Frankfurt am Main
Nombre del editor, distribuidor, etc. Literarische Anst. Rütten und Loening
Fecha de publicación, distribución, etc. 1922
300 ## - DESCRIPCIÓN FÍSICA
Extensión 6 v.
Dimensiones 24 cm.
500 ## - NOTA GENERAL
Nota general Estado físico: presentan lomos desprendidos el v.1, v.3 y v.6
500 ## - NOTA GENERAL
Nota general G111
501 ## - NOTA DE "CON"
Nota de “Con” Contenido : v.1. Aachen-Fyt. -- v.2. Gaab-Lezla. -- v.3. Lhérie-Quittry. -- v.4. Raab - Vezzo. -- v.5. Vialle - Zyrlein. -- v.6. Zweiter Nachtrag mit Berichtungen
650 14 - PUNTO DE ACCESO ADICIONAL DE MATERIA--TÉRMINO DE MATERIA
Término de materia o nombre geográfico como elemento de entrada Artistas
Subdivisión de forma Diccionarios
9 (RLIN) 6076
700 1# - PUNTO DE ACCESO ADICIONAL--NOMBRE DE PERSONA
Nombre de persona Singer, Hans Wolfgang
Término indicativo de función/relación Editor
9 (RLIN) 7397
902 ## - CATALOGADOR
Iniciales GFM
942 ## - ELEMENTOS DE PUNTO DE ACCESO ADICIONAL (KOHA)
Fuente del sistema de clasificación o colocación Library of Congress Classification
Tipo de ítem Koha Libros
Holdings
Estado de retiro Estado de pérdida Estado dañado No para préstamo Localización permanente Ubicación/localización actual Fecha de adquisición Número de inventario Total de préstamos Signatura topográfica completa Código de barras Fecha visto por última vez Precio válido a partir de Tipo de ítem Koha
El ejemplar forma parte de la colección y puede ser consultado según las políticas vigentes.       Biblioteca del Museo Franz Mayer (Rogerio Casas-Alatriste) Biblioteca del Museo Franz Mayer (Rogerio Casas-Alatriste) 01/04/2011 G111   N40 .M85 1922 (G111) 6454 22/03/2019 22/03/2019 Libros